000 00942cam a2200277Mi 4500
005 20151106143952.0
008 151106s2011 sp fr 001 0 spa d
020 _a8441416907
020 _a9788441416901
035 _a(OCoLC)71255495
040 _aCo-BoUCM
_bspa
_cSaul Niño
_dSaul Niño
041 1 _aspa
100 1 _aDoyle, Arthur Conan
_d1859-1930
_953224
245 1 4 _aLas aventuras de Sherlock Holmes
_cSir Arthur Conan Doyle ; edición de Alejandro Pareja
260 _aMadrid (España)
_bEdaf
_c2011
300 _a367 páginas
490 0 _aBiblioteca Edaf Juvenil
_v20
500 _aIncluye índice
650 7 _9272
_aLiteratura inglesa
_ySiglo XIX
650 7 _920530
_aNovela inglesa
_xSiglo XIX
650 7 _920557
_aNovela policiaca
690 _942863
_aLiteratura europea
700 1 _aPareja, Alejandro
_eeditor
_973276
942 _2DEWEY
_a18
_cLIBRO
_e1
_h823.8
_mD754av
999 _c301682
_d301682